000 00426cam a2200181 4500
001 D2211
008 090401t1976 xxu||||| |||| 00| 0 eng d
035 _a(Sirsi) u68083
041 _aeng
050 _a036.1
245 _aCassell`s Spanish-English, English-Spanish dictionary
250 _a6th
260 _aLondon
_bCassell
_c1976
300 _axiv. 1477p. 22cm
350 _a5.25
942 _n0
948 _c04/03/1997
999 _c95073
_d95073